Statistics for Easy(ish) Science Quiz

Click here to take the quiz!

General Stats

  • This quiz has been taken 197 times
  • The average score is 11 of 30

Answer Stats

QuestionAnswer% Correct
What planet is closest to the sun in our solar systemMercury
91%
What element is used for sanitizing poolsChlorine
85%
What was the first element to exist in the known universeHydrogen
83%
What is the furthest planet in our solar system from the sun (not including Pluto (sorry))Neptune
77%
What gives plants their green colorChlorophyll
76%
Who is responsible for the Law of InertiaIsaac Newton
65%
What is the type of rock emitted from a volcanoIgneous
63%
Approximately how many atoms per cubic cm are there in space3
54%
What number element is lithium3
54%
What does mass x acceleration equalForce
52%
What element is abbreviated to “Ne”Neon
52%
What type of rock has fossilsSedimentary
47%
What state of matter is the innermost layer of the earthSolid
43%
How many known elements are there as of 2017118
41%
What causes hydrogen to turn to helium in the sunNuclear Fusion
37%
What is the lowest possible temperature (in Kelvin)0
35%
What element is named after Ernest RutherfordRutherfordium
29%
What makes up Protons and NeutronsQuarks
26%
What is the largest dessert in the worldAntarctica
23%
What part of the brain controls judgementfrontal lobe
20%
Finish the pair: lanthanides andActinides
19%
Fill in the blank: velocity is _________ over timeDisplacement
17%
What is the chemical formula for hydrogen peroxideH202
12%
What law states that every action has an equal and opposite reactionNewton’s third law
12%
What is the name of the most well-known asteroid belt in our solar systemKuiper belt
10%
What is the lightest known sold at room temperatureAerogel
5%
What substance makes up “acid rain”Hydrochloric acid
5%
What causes sinkholesCaves
3%
According to the Giant Impact Hypothesis, the Moon was created when ________ hit earthTheia
3%
What is the opposing theory to the Big Bang TheoryStill State Theory
1%

Score Distribution

Percentile by Number Answered

Percent of People with Each Score

Your Score History

You have not taken this quiz